=LDR 00000nam 2200000 4500 =001 INLIS000000000037698 =005 20130612143421 =008 ***********************************Ind** =035 ##$$0010-061300000037698 =041 ##$$a Ind =082 ##$$a 616.042 =090 ##$$a 616.042, Gro j =100 ##$$a Growley, Jhon F =245 ##$$a Jangan ambil anakku, Jhon F Groneley ; penerjemah, Nadya Andwiani =260 ##$$a 2011 $b Yogyakarta =300 ##$$a xxxii, 252 hlm, 21 cm =650 ##$$a Penyakit Generik =850 ##$$a NBPNMAT =990 ##$$a 1339613396 =990 ##$$a 01201713396